The age of outrage : (Record no. 24284)

MARC details
000 -LEADER
fixed length control field 00985cam a22002298i 4500
020 ## - INTERNATIONAL STANDARD BOOK NUMBER
ISBN 9781647826307
041 ## - LANGUAGE CODE
Language code of text/sound track or separate title English
082 00 - DEWEY DECIMAL CLASSIFICATION NUMBER
Classification number 658.4092
Item number RAM
100 1# - MAIN ENTRY--AUTHOR NAME
Author name Ramanna, Karthik
245 14 - TITLE STATEMENT
Title The age of outrage :
Sub Title how to lead in a polarized world /
Statement of responsibility, etc Karthik Ramanna.
260 ## - PUBLICATION, DISTRIBUTION, ETC. (IMPRINT)
Place of publication Boston :
Name of publisher Harvard Business Review Press ,
Year of publication 2024.
300 ## - PHYSICAL DESCRIPTION
Number of Pages xix, 225 pages ;
Dimensions 22 cm.
504 ## - BIBLIOGRAPHY, ETC. NOTE
Bibliography, etc Includes index.
505 ## - FORMATTED CONTENTS NOTE
Formatted contents note Chapter 1: The Age of Outrage -- Chapter 2: Turning Down the Temperature -- Chapter 3: Making Sense of the Moment -- Chapter 4: Scoping the Organization’s Response -- Chapter 5: Understanding the Leader’s Power -- Chapter 6: Building Organizational and Personal Resilience -- Chapter 7: How to Lead in a Polarized World
650 #0 - SUBJECT ADDED ENTRY--TOPICAL TERM
Subject Leadership.
650 #0 - SUBJECT ADDED ENTRY--TOPICAL TERM
Subject Polarization (Social sciences)
650 #0 - SUBJECT ADDED ENTRY--TOPICAL TERM
Subject Right and left (Political science)
650 #0 - SUBJECT ADDED ENTRY--TOPICAL TERM
Subject Corporate image.
650 #0 - SUBJECT ADDED ENTRY--TOPICAL TERM
Subject Customer relations.
942 ## - ADDED ENTRY ELEMENTS (KOHA)
Source of classification or shelving scheme Dewey Decimal Classification
Koha item type Books
Holdings
Withdrawn status Lost status Source of classification or shelving scheme Damaged status Not for loan Home library Current library Shelving location Date acquired Source of acquisition Cost, normal purchase price Bill Date Full call number Accession Number Price effective from Koha item type
    Dewey Decimal Classification     Institute of Public Enterprise, Library Institute of Public Enterprise, Library S Campus 03/10/2026 Synergy Books India 1399.00 20-02-2026 658.4092 RAM 50992 03/10/2026 Books

Maintained and Designed by
2cqr automation private limited, Chennai. All Rights Reserved.

You are Visitor Number

PHP Hits Count